Sibirskij matematičeskij žurnal

Salvato in:
Dettagli Bibliografici
Natura: Periodico
Pubblicazione: 1975
Tags: Aggiungi Tag
Nessun Tag, puoi essere il primo ad aggiungerne!!

MARC

LEADER 00000nas a22000003a 4500
001 stu69904
005 20141121234103.0
008 011106s1975----------------------------d
040 |a STU  |b slo 
041 0
245 |a Sibirskij matematičeskij žurnal 
260 |c 1975 
500 |a 1975 
500 |a 6 
500 |a 1-6 
773 0 |t Sibirskij matematičeskij žurnal  |w stu_us_cat*stu59082  |x 0037-4474  |7 nnas 
996 |d Tom 16, 1975  |v Tom 16  |y 1975  |l II680  |s A  |a 24  |w stu69904_0002